Statistiques concernant Film Disney par personnages #1

Cliquez ici pour prendre le quiz!

Statistiques générales

  • Ce quiz a été pris 12 119 fois
    (10 794 depuis la dernière actualisation)
  • Le résultat moyen est 13 sur 20

Statistiques - réponses

QuestionsRéponses% Correct
Mufasa, Nala, RafikiLe Roi Lion
97%
Miroir magique, Atchoum, chasseurBlanche-Neige et les Sept Nains
95%
Wendy, Mouche, Capitaine CrochetPeter Pan
92%
Mowgli, Baloo, Shere KhanLe Livre de la jungle
89%
Génie, Iago, AbuAladdin
88%
Mushu, Shang, Shan-YuMulan
88%
Fleur, Faline, PanpanBambi
84%
Prince charmant, Lady Trémaine, fée marraineCendrillon
83%
Tiana, Prince Naveen, LouisLa Princesse et la Grenouille
72%
Hadès, Mégara, PhiloctèteHercule
71%
Maléfique, Prince Philippe, AuroreLa Belle au bois dormant
71%
Gothel, Flynn Rider, PascalRaiponce
68%
Figaro, Stromboli, GeppettoPinocchio
67%
Esmeralda, Phoebus, LaverneLe Bossu de Notre-Dame
62%
Duchesse, Toulouse, BerliozLes Aristochats
50%
John Smith, Gouverneur Ratcliffe, MeekoPocahontas
45%
Perdita, Pongo, AnitaLes 101 Dalmatiens
33%
Judy Hopps, Flash, Dawn BellwetherZootopie
26%
Maurice, LeFou, ChipLa Belle et la Bête
25%
Médusa, Orville, SnoopsLes Aventures de Bernard et Bianca
11%

Distribution des résultats

Percentile par nombre de réponses

% des personnes avec chaque résultat

Votre développement - résultats

Vous n’avez pas pris ce quiz depuis la dernière actualisation